[Event "Deutsche Blitz-Einzelmeisterschaft der Frauen 2021"]
[Site "Magdeburg"]
[Date "2021.08.01"]
[Round "8"]
[Board "5"]
[White "Moenster, Madita"]
[Black "Skogvall, Martina"]
[Result "0-1"]
[WhiteElo "1889"]
[BlackElo "2014"]
[PlyCount "0"]
[EventDate "2021.08.01"]
[EventRounds "21"]
[EventCountry "GER"]

1. e4 {[%clk 0:03:03]} e6 {[%clk 0:03:04]} 2. d4 {[%clk 0:03:03]} d5 {[%clk
0:03:05]} 3. Nc3 {[%clk 0:03:04]} Bb4 {[%clk 0:03:05]} 4. e5 {[%clk 0:03:05]} Ne7
{[%clk 0:03:05]} 5. Qg4 {[%clk 0:03:01]} O-O {[%clk 0:03:05]} 6. Bd3 {[%clk
0:02:56]} f5 {[%clk 0:03:03]} 7. exf6 {[%clk 0:02:54]} Rxf6 {[%clk 0:03:04]} 8.
Ne2 {[%clk 0:02:40]} e5 {[%clk 0:02:57]} 9. Qh4 {[%clk 0:02:23]} e4 {[%clk
0:02:58]} 10. Bb5 {[%clk 0:02:19]} Nf5 {[%clk 0:02:32]} 11. Qg5 {[%clk 0:02:09]}
h6 {[%clk 0:02:11]} 12. Qh5 {[%clk 0:01:50]} Be6 {[%clk 0:02:06]} 13. O-O {[%clk
0:01:43]} c6 {[%clk 0:02:05]} 14. Ba4 {[%clk 0:01:43]} Nd7 {[%clk 0:02:03]} 15.
Nf4 {[%clk 0:01:41]} Bf7 {[%clk 0:02:03]} 16. Qe2 {[%clk 0:01:40]} Nxd4 {[%clk
0:01:56]} 17. Qd1 {[%clk 0:01:32]} Ne6 {[%clk 0:01:44]} 18. Nfe2 {[%clk 0:01:20]}
Bh5 {[%clk 0:01:35]} 19. Qd2 {[%clk 0:01:05]} Bxe2 {[%clk 0:01:19]} 20. Qxe2
{[%clk 0:01:05]} Ne5 {[%clk 0:01:02]} 21. a3 {[%clk 0:00:57]} Bd6 {[%clk
0:01:03]} 22. Bb3 {[%clk 0:00:51]} Nd4 {[%clk 0:00:50]} 23. Qe3 {[%clk 0:00:51]}
Nxb3 {[%clk 0:00:47]} 24. cxb3 {[%clk 0:00:51]} Ng4 {[%clk 0:00:47]} 25. Qe2
{[%clk 0:00:45]} Nxh2 {[%clk 0:00:39]} 26. Re1 {[%clk 0:00:45]} Rg6 {[%clk
0:00:35]} 27. Qh5 {[%clk 0:00:39]} Rf6 {[%clk 0:00:19]} 28. Re3 {[%clk 0:00:34]}
Qf8 {[%clk 0:00:17]} 29. Qh4 {[%clk 0:00:31]} g5 {[%clk 0:00:13]} 30. Rg3 {[%clk
0:00:12]} Kh7 {[%clk 0:00:12]} 31. Qxh2 {[%clk 0:00:09]} Rxf2 {[%clk 0:00:11]}
32. Bxg5 {[%clk 0:00:07]} Bxg3 {[%clk 0:00:08]} 33. Qxg3 {[%clk 0:00:07]} Rxb2
{[%clk 0:00:05]} 34. Bf4 {[%clk 0:00:05]} Qc5+ {[%clk 0:00:06]} 35. Kh2 {[%clk
0:00:04]} Rg8 {[%clk 0:00:05]} 36. Qh4 {[%clk 0:00:04]} Rgxg2+ {[%clk 0:00:03]}
37. Kh1 Qf8 38. Be5 Rg5 39. Qh3 Rxe5 40. Rf1  0-1

[Event "Deutsche Blitz-Einzelmeisterschaft der Frauen 2021"]
[Site "Magdeburg"]
[Date "2021.08.01"]
[Round "8"]
[Board "6"]
[White "Brunner, Sophia"]
[Black "Muetsch, Annmarie"]
[Result "0-1"]
[WhiteElo "1741"]
[BlackElo "2294"]
[PlyCount "0"]
[EventDate "2021.08.01"]
[EventRounds "21"]
[EventCountry "GER"]

1. d4 {[%clk 0:03:02]} d6 {[%clk 0:03:03]} 2. e4 {[%clk 0:03:00]} Nf6 {[%clk
0:03:04]} 3. Nc3 {[%clk 0:03:01]} e5 {[%clk 0:03:05]} 4. dxe5 {[%clk 0:03:00]}
dxe5 {[%clk 0:03:06]} 5. Qxd8+ {[%clk 0:03:01]} Kxd8 {[%clk 0:03:07]} 6. Bc4
{[%clk 0:03:01]} Ke8 {[%clk 0:03:08]} 7. Nf3 {[%clk 0:02:57]} Bd6 {[%clk
0:03:02]} 8. Nb5 {[%clk 0:02:51]} Ke7 {[%clk 0:02:53]} 9. Bg5 {[%clk 0:02:44]} a6
{[%clk 0:02:35]} 10. Bxf6+ {[%clk 0:02:20]} Kxf6 {[%clk 0:02:28]} 11. Nxd6 {[%clk
0:02:16]} cxd6 {[%clk 0:02:29]} 12. O-O-O {[%clk 0:02:15]} Rd8 {[%clk 0:02:21]}
13. h3 {[%clk 0:02:04]} h6 {[%clk 0:02:16]} 14. Rd2 {[%clk 0:01:58]} Nc6 {[%clk
0:02:04]} 15. Rhd1 {[%clk 0:01:54]} Ke7 {[%clk 0:02:04]} 16. a3 {[%clk 0:01:44]}
b5 {[%clk 0:02:00]} 17. Bd5 {[%clk 0:01:44]} Bb7 {[%clk 0:02:02]} 18. Bxc6 {[%clk
0:01:30]} Bxc6 {[%clk 0:02:03]} 19. Re2 {[%clk 0:01:32]} Rac8 {[%clk 0:01:58]}
20. Ne1 {[%clk 0:01:17]} a5 {[%clk 0:01:55]} 21. Nd3 {[%clk 0:01:17]} g5 {[%clk
0:01:35]} 22. f3 {[%clk 0:00:55]} f5 {[%clk 0:01:16]} 23. Nf2 {[%clk 0:00:34]}
fxe4 {[%clk 0:01:11]} 24. fxe4 {[%clk 0:00:24]} Rf8 {[%clk 0:01:01]} 25. Ng4
{[%clk 0:00:19]} h5 {[%clk 0:00:58]} 26. Nh6 {[%clk 0:00:10]} Bd7 {[%clk
0:00:49]} 27. g4 {[%clk 0:00:08]} Rf3 {[%clk 0:00:39]} 28. Nf5+ {[%clk 0:00:00]}
Bxf5 {[%clk 0:00:38]} 29. gxf5 {[%clk 0:00:04]} Rxh3 {[%clk 0:00:36]} 30. Red2
{[%clk 0:00:06]} Rc6 {[%clk 0:00:36]} 31. f6+ Ke6 {[%clk 0:00:34]} 32. Rf1 {[%clk
0:00:07]} Rc7 {[%clk 0:00:28]} 33. Rdf2 {[%clk 0:00:05]} Rf7 {[%clk 0:00:29]} 34.
Rf5 {[%clk 0:00:06]} g4 {[%clk 0:00:25]} 35. Kd2 {[%clk 0:00:07]} Rf3 {[%clk
0:00:21]} 36. R5xf3 {[%clk 0:00:08]} gxf3 {[%clk 0:00:22]} 37. Rxf3 {[%clk
0:00:09]} Rxf6 {[%clk 0:00:22]} 38. Rh3 {[%clk 0:00:11]} Rh6 {[%clk 0:00:21]} 39.
Ke3 {[%clk 0:00:12]} d5 {[%clk 0:00:21]} 40. exd5+ {[%clk 0:00:12]} Kxd5 {[%clk
0:00:24]} 41. Rh4 {[%clk 0:00:12]} Rc6 {[%clk 0:00:22]} 42. c3 {[%clk 0:00:04]}
Rh6 {[%clk 0:00:23]} 43. Kd3 {[%clk 0:00:11]} Rh8 {[%clk 0:00:19]} 44. b3 {[%clk
0:00:03]} Rh7 {[%clk 0:00:18]} 45. c4+ {[%clk 0:00:03]} bxc4+ {[%clk 0:00:20]}
46. bxc4+ {[%clk 0:00:13]} Kc5 {[%clk 0:00:21]} 47. Re4 {[%clk 0:00:13]} Kd6
{[%clk 0:00:20]} 48. Rh4 {[%clk 0:00:12]} Ke6 {[%clk 0:00:15]} 49. Ke4 {[%clk
0:00:11]} Rc7 {[%clk 0:00:14]} 50. Rxh5 {[%clk 0:00:12]} Rxc4+ {[%clk 0:00:15]}
51. Kd3 {[%clk 0:00:13]} Ra4 {[%clk 0:00:16]} 52. Rh6+ {[%clk 0:00:10]} Kd5
{[%clk 0:00:17]} 53. Rh8 {[%clk 0:00:09]} Rxa3+ {[%clk 0:00:18]} 54. Kd2 {[%clk
0:00:10]} a4 {[%clk 0:00:17]} 55. Rb8 {[%clk 0:00:08]} Rh3 {[%clk 0:00:09]} 56.
Rb5+ {[%clk 0:00:06]} Kd6 {[%clk 0:00:18]} 57. Rb6+ {[%clk 0:00:08]} Kc5 {[%clk
0:00:17]} 58. Re6 {[%clk 0:00:08]} Kd4 {[%clk 0:00:18]} 59. Rd6+ {[%clk 0:00:09]}
Ke4 {[%clk 0:00:19]} 60. Ra6 {[%clk 0:00:08]} a3 {[%clk 0:00:21]} 61. Ra4+ {[%clk
0:00:09]} Kf5 {[%clk 0:00:21]} 62. Ke1 {[%clk 0:00:06]} e4 {[%clk 0:00:22]} 63.
Kf2 {[%clk 0:00:04]} Kf4 {[%clk 0:00:23]} 64. Ra5 {[%clk 0:00:05]} Rb3 {[%clk
0:00:23]} 65. Ra8 {[%clk 0:00:05]} Rb2+ {[%clk 0:00:24]} 66. Ke1 {[%clk 0:00:07]}
a2 {[%clk 0:00:26]} 67. Kd1 {[%clk 0:00:06]} Rb1+ {[%clk 0:00:27]}  0-1

[Event "Deutsche Blitz-Einzelmeisterschaft der Frauen 2021"]
[Site "Magdeburg"]
[Date "2021.08.01"]
[Round "8"]
[Board "7"]
[White "Ries, Jutta"]
[Black "Albayrak, Berrak"]
[Result "1/2-1/2"]
[WhiteElo "2094"]
[BlackElo "1491"]
[PlyCount "0"]
[EventDate "2021.08.01"]
[EventRounds "21"]
[EventCountry "GER"]

1. f4 {[%clk 0:03:03]} d6 {[%clk 0:03:03]} 2. Nf3 {[%clk 0:03:04]} Nf6 {[%clk
0:03:04]} 3. b3 {[%clk 0:03:05]} g6 {[%clk 0:03:05]} 4. Bb2 {[%clk 0:03:06]} Bg7
{[%clk 0:03:07]} 5. e3 {[%clk 0:03:07]} c5 {[%clk 0:03:08]} 6. Bb5+ {[%clk
0:03:05]} Nbd7 {[%clk 0:03:01]} 7. O-O {[%clk 0:03:03]} a6 {[%clk 0:03:02]} 8.
Bxd7+ {[%clk 0:03:03]} Qxd7 {[%clk 0:02:54]} 9. d3 {[%clk 0:03:03]} O-O {[%clk
0:02:51]} 10. Nbd2 {[%clk 0:03:04]} b5 {[%clk 0:02:52]} 11. Qe2 {[%clk 0:03:03]}
Bb7 {[%clk 0:02:50]} 12. e4 {[%clk 0:03:03]} Rac8 {[%clk 0:02:29]} 13. c4 {[%clk
0:03:01]} b4 {[%clk 0:02:18]} 14. d4 {[%clk 0:02:50]} cxd4 {[%clk 0:02:06]} 15.
Bxd4 {[%clk 0:02:40]} Qc6 {[%clk 0:01:51]} 16. Rae1 {[%clk 0:02:35]} a5 {[%clk
0:01:45]} 17. e5 {[%clk 0:02:34]} dxe5 {[%clk 0:01:40]} 18. Nxe5 {[%clk 0:02:34]}
Qc7 {[%clk 0:01:20]} 19. Ndf3 {[%clk 0:02:33]} Rfe8 {[%clk 0:00:55]} 20. Qe3
{[%clk 0:02:22]} e6 {[%clk 0:00:36]} 21. Bb6 {[%clk 0:02:22]} Qe7 {[%clk
0:00:35]} 22. Ng5 {[%clk 0:02:08]} Nd7 {[%clk 0:00:24]} 23. Ngxf7 {[%clk
0:01:55]} Nxb6 {[%clk 0:00:15]} 24. Qxb6 {[%clk 0:01:55]} Rf8 {[%clk 0:00:13]}
25. Nd6 {[%clk 0:01:41]} Rc7 {[%clk 0:00:10]} 26. Nxb7 {[%clk 0:01:23]} Rxb7
{[%clk 0:00:12]} 27. Qe3 {[%clk 0:01:20]} a4 {[%clk 0:00:10]} 28. Nd3 {[%clk
0:01:14]} axb3 {[%clk 0:00:09]} 29. axb3 {[%clk 0:01:16]} Rf6 {[%clk 0:00:10]}
30. Qc5 {[%clk 0:01:11]} Qf7 {[%clk 0:00:09]} 31. Qc8+ {[%clk 0:01:03]} Bf8
{[%clk 0:00:10]} 32. Ne5 {[%clk 0:01:05]} Qe7 {[%clk 0:00:09]} 33. Nc6 {[%clk
0:01:00]} Qc5+ {[%clk 0:00:10]} 34. Kh1 {[%clk 0:00:59]} Rb6 {[%clk 0:00:10]} 35.
Rxe6 {[%clk 0:00:53]} Rxe6 {[%clk 0:00:08]} 36. Qxe6+ {[%clk 0:00:54]} Kg7 {[%clk
0:00:09]} 37. Qd7+ {[%clk 0:00:49]} Kg8 {[%clk 0:00:09]} 38. Ne5 {[%clk 0:00:48]}
Rf6 {[%clk 0:00:06]} 39. Qd1 {[%clk 0:00:44]} Bd6 {[%clk 0:00:06]} 40. h3 {[%clk
0:00:41]} Bxe5 41. fxe5 {[%clk 0:00:41]} Rxf1+ {[%clk 0:00:07]} 42. Qxf1 {[%clk
0:00:42]} Qxe5 {[%clk 0:00:08]} 43. Qd1 {[%clk 0:00:37]} Qc3 {[%clk 0:00:09]} 44.
Qd5+ {[%clk 0:00:32]} Kg7 {[%clk 0:00:10]} 45. c5 {[%clk 0:00:32]} Qc1+ {[%clk
0:00:08]} 46. Kh2 {[%clk 0:00:33]} Qf4+ {[%clk 0:00:09]} 47. g3 {[%clk 0:00:25]}
Qf2+ {[%clk 0:00:10]} 48. Qg2 {[%clk 0:00:34]} Qxc5 {[%clk 0:00:11]} 49. h4
{[%clk 0:00:32]} Qc3 {[%clk 0:00:12]} 50. Qb7+ {[%clk 0:00:26]} Kh6 {[%clk
0:00:13]} 51. Qf7 {[%clk 0:00:25]} Qc2+ {[%clk 0:00:12]} 52. Kh3 {[%clk 0:00:25]}
Qf5+ {[%clk 0:00:13]} 53. Qxf5 {[%clk 0:00:25]} gxf5 {[%clk 0:00:13]} 54. Kg2
{[%clk 0:00:18]} Kh5 {[%clk 0:00:15]} 55. Kf3 {[%clk 0:00:26]} h6 {[%clk
0:00:13]} 56. Kf4 {[%clk 0:00:27]} Kg6 {[%clk 0:00:14]} 57. Ke5 {[%clk 0:00:25]}
h5 {[%clk 0:00:13]} 58. Kd5 {[%clk 0:00:21]} f4 {[%clk 0:00:12]} 59. gxf4 {[%clk
0:00:22]} Kf5 {[%clk 0:00:14]} 60. Kc4 {[%clk 0:00:23]} Kxf4 {[%clk 0:00:15]} 61.
Kxb4 {[%clk 0:00:24]} Kg4 {[%clk 0:00:16]} 62. Kc5 Kxh4 {[%clk 0:00:17]} 63. b4
{[%clk 0:00:26]} Kg3 {[%clk 0:00:18]} 64. b5 {[%clk 0:00:27]} h4 {[%clk 0:00:19]}
65. b6 {[%clk 0:00:28]} h3 {[%clk 0:00:20]} 66. b7 {[%clk 0:00:30]} h2 {[%clk
0:00:22]} 67. b8=Q+ {[%clk 0:00:30]} Kg2 {[%clk 0:00:19]} 68. Qg8+ {[%clk
0:00:27]} Kh3 {[%clk 0:00:19]} 69. Qh7+ {[%clk 0:00:27]} Kg2 {[%clk 0:00:20]} 70.
Qg6+ {[%clk 0:00:28]} Kh3 {[%clk 0:00:20]} 71. Qf5+ {[%clk 0:00:28]} Kg2 {[%clk
0:00:21]} 72. Qe4+ {[%clk 0:00:29]} Kg1 {[%clk 0:00:21]} 73. Qg4+ {[%clk
0:00:29]} Kf1 {[%clk 0:00:21]} 74. Qf3+ {[%clk 0:00:25]} Kg1 {[%clk 0:00:22]} 75.
Qg3+ {[%clk 0:00:13]} Kh1 {[%clk 0:00:23]} 76. Qe1+ {[%clk 0:00:07]} Kg2 {[%clk
0:00:24]} 77. Qe2+ {[%clk 0:00:06]} Kg1 {[%clk 0:00:24]}  1/2-1/2

[Event "Deutsche Blitz-Einzelmeisterschaft der Frauen 2021"]
[Site "Magdeburg"]
[Date "2021.08.01"]
[Round "8"]
[Board "8"]
[White "Noll, Sonja"]
[Black "Stangl, Anita"]
[Result "0-1"]
[WhiteElo "1707"]
[BlackElo "1982"]
[PlyCount "0"]
[EventDate "2021.08.01"]
[EventRounds "21"]
[EventCountry "GER"]

1. e4 {[%clk 0:03:03]} e6 {[%clk 0:03:04]} 2. Nf3 {[%clk 0:03:04]} d5 {[%clk
0:03:05]} 3. exd5 {[%clk 0:03:05]} exd5 {[%clk 0:03:07]} 4. d4 {[%clk 0:03:04]}
Nc6 {[%clk 0:03:08]} 5. h3 {[%clk 0:03:03]} Bd6 {[%clk 0:03:05]} 6. Bd3 {[%clk
0:03:03]} h6 {[%clk 0:02:59]} 7. Be3 {[%clk 0:03:04]} Nge7 {[%clk 0:03:00]} 8.
Nbd2 {[%clk 0:03:04]} Bf5 {[%clk 0:02:59]} 9. Qe2 {[%clk 0:02:49]} Qd7 {[%clk
0:02:54]} 10. a3 {[%clk 0:02:48]} O-O-O {[%clk 0:02:52]} 11. g4 {[%clk 0:02:45]}
Bg6 {[%clk 0:02:46]} 12. O-O-O {[%clk 0:02:44]} Rde8 {[%clk 0:02:47]} 13. Bxg6
{[%clk 0:02:30]} Nxg6 {[%clk 0:02:46]} 14. Qb5 {[%clk 0:02:26]} a6 {[%clk
0:02:38]} 15. Qb3 {[%clk 0:02:24]} Bf4 {[%clk 0:02:31]} 16. Rhe1 {[%clk 0:02:18]}
Re7 {[%clk 0:02:27]} 17. Bxf4 {[%clk 0:02:10]} Nxf4 {[%clk 0:02:28]} 18. Rxe7
{[%clk 0:02:08]} Qxe7 {[%clk 0:02:23]} 19. Re1 {[%clk 0:01:59]} Qd7 {[%clk
0:02:07]} 20. Ne5 {[%clk 0:01:58]} Nxe5 {[%clk 0:02:01]} 21. Rxe5 {[%clk
0:01:56]} c6 {[%clk 0:01:51]} 22. Qf3 {[%clk 0:01:52]} Ne6 {[%clk 0:01:51]} 23.
c3 {[%clk 0:01:48]} f6 {[%clk 0:01:49]} 24. Re3 {[%clk 0:01:46]} Ng5 {[%clk
0:01:40]} 25. Qg3 {[%clk 0:01:45]} Re8 {[%clk 0:01:38]} 26. f4 {[%clk 0:01:42]}
Ne4 {[%clk 0:01:34]} 27. Qe1 {[%clk 0:01:38]} f5 {[%clk 0:01:33]} 28. Nf3 {[%clk
0:01:14]} fxg4 {[%clk 0:01:30]} 29. Ne5 {[%clk 0:01:15]} Qf5 {[%clk 0:01:31]} 30.
hxg4 {[%clk 0:01:13]} Qxf4 {[%clk 0:01:32]} 31. c4 {[%clk 0:01:04]} dxc4 {[%clk
0:01:30]} 32. Nxc4 {[%clk 0:01:02]} Kd7 {[%clk 0:01:01]} 33. Ne5+ {[%clk
0:01:01]} Kd8 {[%clk 0:00:47]} 34. Kb1 {[%clk 0:01:01]} Nf6 {[%clk 0:00:45]} 35.
Qa5+ {[%clk 0:00:48]} Kc8 {[%clk 0:00:44]} 36. Qe1 {[%clk 0:00:28]} Qxd4 {[%clk
0:00:37]} 37. Qe2 {[%clk 0:00:07]} Nd5 {[%clk 0:00:29]} 38. Nf3 {[%clk 0:00:03]}
Qxe3 {[%clk 0:00:20]} 39. Qxe3 {[%clk 0:00:04]} Rxe3 {[%clk 0:00:30]} 40. Nd4
{[%clk 0:00:04]} Re4 {[%clk 0:00:31]} 41. Nf5 {[%clk 0:00:04]} Rxg4 {[%clk
0:00:32]}  0-1

[Event "Deutsche Blitz-Einzelmeisterschaft der Frauen 2021"]
[Site "Magdeburg"]
[Date "2021.08.01"]
[Round "8"]
[Board "9"]
[White "Kosovska, Olena"]
[Black "Voicu-Jagodzinsky, Carmen"]
[Result "0-1"]
[WhiteElo "1965"]
[BlackElo "2194"]
[PlyCount "0"]
[EventDate "2021.08.01"]
[EventRounds "21"]
[EventCountry "GER"]

1. e4 {[%clk 0:03:04]} e6 {[%clk 0:03:04]} 2. d4 {[%clk 0:03:05]} d5 {[%clk
0:03:05]} 3. Nc3 {[%clk 0:03:05]} Nf6 {[%clk 0:03:06]} 4. e5 {[%clk 0:03:05]}
Nfd7 {[%clk 0:03:07]} 5. f4 {[%clk 0:03:05]} c5 {[%clk 0:03:07]} 6. Nf3 {[%clk
0:03:06]} Nc6 {[%clk 0:03:10]} 7. Be3 {[%clk 0:02:58]} a6 {[%clk 0:03:10]} 8. Qd2
{[%clk 0:03:01]} b5 {[%clk 0:03:09]} 9. dxc5 {[%clk 0:03:02]} Bxc5 {[%clk
0:03:09]} 10. Bf2 {[%clk 0:02:37]} Qb6 {[%clk 0:03:00]} 11. Bd3 {[%clk 0:02:37]}
g6 {[%clk 0:02:43]} 12. a3 {[%clk 0:02:24]} Bb7 {[%clk 0:02:43]} 13. O-O {[%clk
0:02:23]} Rc8 {[%clk 0:02:18]} 14. Rac1 {[%clk 0:02:19]} Ne7 {[%clk 0:01:57]} 15.
Nd1 {[%clk 0:02:01]} Nf5 {[%clk 0:01:55]} 16. Bxf5 {[%clk 0:01:53]} gxf5 {[%clk
0:01:55]} 17. c3 {[%clk 0:01:41]} a5 {[%clk 0:01:47]} 18. Nd4 {[%clk 0:01:41]} b4
{[%clk 0:01:50]} 19. axb4 {[%clk 0:01:38]} axb4 {[%clk 0:01:52]} 20. Ne3 {[%clk
0:01:22]} Ba6 {[%clk 0:01:43]} 21. Rfd1 {[%clk 0:01:19]} Rg8 {[%clk 0:01:42]} 22.
Nec2 {[%clk 0:01:16]} b3 {[%clk 0:01:37]} 23. Ne3 {[%clk 0:01:06]} Rg6 {[%clk
0:01:10]} 24. Ra1 {[%clk 0:01:06]} Bb7 {[%clk 0:01:01]} 25. Kh1 {[%clk 0:00:59]}
Nb8 {[%clk 0:00:56]} 26. Qe2 {[%clk 0:00:48]} Kf8 {[%clk 0:00:48]} 27. Qh5 {[%clk
0:00:48]} Kg8 {[%clk 0:00:50]} 28. Bh4 {[%clk 0:00:31]} Nc6 {[%clk 0:00:48]} 29.
Nxc6 {[%clk 0:00:17]} Bxc6 {[%clk 0:00:47]} 30. Nxf5 {[%clk 0:00:14]} exf5 {[%clk
0:00:42]} 31. Qxf5 {[%clk 0:00:15]} Bb7 {[%clk 0:00:39]} 32. Bg5 {[%clk 0:00:15]}
Qe6 {[%clk 0:00:38]} 33. Qd3 {[%clk 0:00:15]} d4 {[%clk 0:00:39]} 34. cxd4 {[%clk
0:00:06]} Be7 {[%clk 0:00:39]} 35. d5 {[%clk 0:00:12]} Qg4 {[%clk 0:00:30]} 36.
Ra7 {[%clk 0:00:08]} Bxg5 {[%clk 0:00:27]} 37. Rxb7 {[%clk 0:00:08]} Bxf4 {[%clk
0:00:28]} 38. Rg1 {[%clk 0:00:06]} Bxe5 {[%clk 0:00:28]} 39. d6 {[%clk 0:00:06]}
Bxd6 {[%clk 0:00:18]} 40. Qxb3 {[%clk 0:00:03]} Qf4 {[%clk 0:00:27]} 41. Rb4
{[%clk 0:00:03]} Qxh2# {[%clk 0:00:20]}  0-1

[Event "Deutsche Blitz-Einzelmeisterschaft der Frauen 2021"]
[Site "Magdeburg"]
[Date "2021.08.01"]
[Round "8"]
[Board "10"]
[White "Braun, Kristin"]
[Black "Hofmann, Karina"]
[Result "1-0"]
[WhiteElo "1846"]
[BlackElo "1734"]
[PlyCount "0"]
[EventDate "2021.08.01"]
[EventRounds "21"]
[EventCountry "GER"]

1. e4 {[%clk 0:03:04]} b6 {[%clk 0:03:03]} 2. d4 {[%clk 0:03:05]} Bb7 {[%clk
0:03:05]} 3. Nc3 {[%clk 0:03:05]} g6 {[%clk 0:03:06]} 4. Nf3 {[%clk 0:03:05]} Bg7
{[%clk 0:03:07]} 5. Bc4 {[%clk 0:03:02]} e6 {[%clk 0:03:08]} 6. O-O {[%clk
0:03:02]} Ne7 {[%clk 0:03:10]} 7. Be3 {[%clk 0:03:00]} O-O {[%clk 0:03:09]} 8.
Qd2 {[%clk 0:02:51]} c6 {[%clk 0:03:11]} 9. Bh6 {[%clk 0:02:53]} d5 {[%clk
0:03:12]} 10. Bxg7 {[%clk 0:02:48]} Kxg7 {[%clk 0:03:13]} 11. Bb3 {[%clk
0:02:48]} Nd7 {[%clk 0:03:09]} 12. e5 {[%clk 0:02:45]} Nf5 {[%clk 0:03:06]} 13.
Ne2 {[%clk 0:02:41]} c5 {[%clk 0:03:05]} 14. c3 {[%clk 0:02:41]} Ba6 {[%clk
0:03:04]} 15. Bc2 {[%clk 0:02:33]} cxd4 {[%clk 0:03:01]} 16. cxd4 {[%clk
0:02:34]} Rc8 {[%clk 0:02:52]} 17. Bxf5 {[%clk 0:02:35]} exf5 {[%clk 0:02:52]}
18. Rfc1 {[%clk 0:02:32]} Bxe2 {[%clk 0:02:49]} 19. Qxe2 {[%clk 0:02:33]} Qe7
{[%clk 0:02:49]} 20. Qb5 {[%clk 0:02:14]} h6 {[%clk 0:02:47]} 21. Qxd5 {[%clk
0:02:14]} Qe6 {[%clk 0:02:41]} 22. Qxe6 {[%clk 0:02:13]} fxe6 {[%clk 0:02:42]}
23. Rc3 {[%clk 0:02:09]} Rxc3 {[%clk 0:02:43]} 24. bxc3 {[%clk 0:02:10]} b5
{[%clk 0:02:44]} 25. Rb1 {[%clk 0:02:08]} a6 {[%clk 0:02:45]} 26. Kf1 {[%clk
0:02:08]} Nb6 {[%clk 0:02:45]} 27. Ke2 {[%clk 0:01:59]} Rc8 {[%clk 0:02:45]} 28.
Rb3 {[%clk 0:02:04]} Nd5 {[%clk 0:02:49]} 29. Kd2 {[%clk 0:02:02]} Nf4 {[%clk
0:02:46]} 30. g3 {[%clk 0:01:53]} Nd5 {[%clk 0:02:38]} 31. Ne1 {[%clk 0:01:50]}
g5 {[%clk 0:02:45]} 32. Nd3 {[%clk 0:01:51]} Rc4 {[%clk 0:02:37]} 33. Nc5 {[%clk
0:01:47]} b4 {[%clk 0:02:36]} 34. cxb4 {[%clk 0:01:27]} Rxd4+ {[%clk 0:02:36]}
35. Kc1 {[%clk 0:01:25]} Nxb4 {[%clk 0:02:33]} 36. Nxe6+ {[%clk 0:01:26]} Kf7
{[%clk 0:01:55]} 37. Nxd4 {[%clk 0:02:21]} Nxa2+ {[%clk 0:02:32]} 38. Kb2 {[%clk
0:02:21]}  1-0

[Event "Deutsche Blitz-Einzelmeisterschaft der Frauen 2021"]
[Site "Magdeburg"]
[Date "2021.08.01"]
[Round "8"]
[Board "11"]
[White "Schlueter, Sabrina"]
[Black "Paehtz, Elisabeth"]
[Result "0-1"]
[WhiteElo "1790"]
[BlackElo "2410"]
[PlyCount "0"]
[EventDate "2021.08.01"]
[EventRounds "21"]
[EventCountry "GER"]

1. c4 {[%clk 0:03:03]} b6 {[%clk 0:03:03]} 2. Nc3 {[%clk 0:03:04]} Bb7 {[%clk
0:03:04]} 3. d4 {[%clk 0:03:05]} e6 {[%clk 0:03:05]} 4. Nf3 {[%clk 0:03:06]} Bb4
{[%clk 0:03:06]} 5. Bd2 {[%clk 0:03:05]} f5 {[%clk 0:03:07]} 6. e3 {[%clk
0:03:06]} Nf6 {[%clk 0:02:59]} 7. Be2 {[%clk 0:03:07]} O-O {[%clk 0:03:06]} 8.
O-O {[%clk 0:03:07]} Qe7 {[%clk 0:02:58]} 9. a3 {[%clk 0:03:07]} Bxc3 {[%clk
0:02:59]} 10. Bxc3 {[%clk 0:03:08]} Ne4 {[%clk 0:02:59]} 11. Qc2 {[%clk 0:03:07]}
d6 {[%clk 0:02:57]} 12. Rad1 {[%clk 0:03:04]} Nd7 {[%clk 0:02:58]} 13. b4 {[%clk
0:03:04]} Ng5 {[%clk 0:02:48]} 14. Nxg5 {[%clk 0:02:54]} Qxg5 {[%clk 0:02:49]}
15. d5 {[%clk 0:02:53]} Nf6 {[%clk 0:02:23]} 16. Bf3 {[%clk 0:02:34]} e5 {[%clk
0:02:22]} 17. e4 {[%clk 0:02:22]} fxe4 {[%clk 0:02:12]} 18. Bxe4 {[%clk 0:02:21]}
Nxe4 {[%clk 0:02:12]} 19. Qxe4 {[%clk 0:02:20]} Rf4 {[%clk 0:02:03]} 20. Qe3
{[%clk 0:01:56]} Ba6 {[%clk 0:01:57]} 21. b5 {[%clk 0:01:44]} Bc8 {[%clk
0:01:56]} 22. Bd2 {[%clk 0:01:24]} Qf6 {[%clk 0:01:52]} 23. Qd3 {[%clk 0:01:12]}
Rd4 {[%clk 0:01:50]} 24. Qc3 {[%clk 0:01:03]} Bd7 {[%clk 0:01:42]} 25. Be3 {[%clk
0:00:52]} Rg4 {[%clk 0:01:39]} 26. Bc1 {[%clk 0:00:45]} Rf8 {[%clk 0:01:36]} 27.
Rd3 {[%clk 0:00:44]} Qg6 {[%clk 0:01:26]} 28. Bd2 {[%clk 0:00:23]} Rxg2+ {[%clk
0:01:25]} 29. Kh1 {[%clk 0:00:23]} Rg4 {[%clk 0:01:22]} 30. Rg3  0-1

[Event "Deutsche Blitz-Einzelmeisterschaft der Frauen 2021"]
[Site "Magdeburg"]
[Date "2021.08.01"]
[Round "9"]
[Board "1"]
[White "Paehtz, Elisabeth"]
[Black "Wulf, Constanze"]
[Result "1-0"]
[WhiteElo "2410"]
[BlackElo "1817"]
[PlyCount "0"]
[EventDate "2021.08.01"]
[EventRounds "21"]
[EventCountry "GER"]

1. d4 {[%clk 0:03:03]} d5 {[%clk 0:03:03]} 2. Bf4 {[%clk 0:03:04]} Bf5 {[%clk
0:03:00]} 3. e3 {[%clk 0:03:04]} Nf6 {[%clk 0:02:53]} 4. c4 {[%clk 0:03:02]} e6
{[%clk 0:02:48]} 5. Nc3 {[%clk 0:03:02]} c6 {[%clk 0:02:38]} 6. Qb3 {[%clk
0:02:59]} Qb6 {[%clk 0:02:26]} 7. c5 {[%clk 0:03:00]} Qxb3 {[%clk 0:02:25]} 8.
axb3 {[%clk 0:03:00]} Be7 {[%clk 0:02:15]} 9. Nf3 {[%clk 0:02:57]} Nbd7 {[%clk
0:02:16]} 10. b4 {[%clk 0:02:56]} a6 {[%clk 0:02:17]} 11. b5 {[%clk 0:02:52]}
cxb5 {[%clk 0:01:31]} 12. Nxb5 {[%clk 0:02:51]} O-O {[%clk 0:01:31]} 13. Nd6
{[%clk 0:02:43]} b6 {[%clk 0:00:45]} 14. Nxf5 {[%clk 0:02:39]} exf5 {[%clk
0:00:37]} 15. c6 {[%clk 0:02:33]} Nb8 {[%clk 0:00:41]} 16. c7 {[%clk 0:02:23]}
Nc6 {[%clk 0:00:35]} 17. Bd3 {[%clk 0:02:20]} Bb4+ {[%clk 0:00:30]} 18. Ke2
{[%clk 0:02:21]} Ne4 {[%clk 0:00:20]} 19. Bxa6 {[%clk 0:02:17]} Bd6 {[%clk
0:00:08]} 20. c8=Q {[%clk 0:02:03]} Raxc8 {[%clk 0:00:04]} 21. Bxc8 {[%clk
0:02:04]} Bxf4 {[%clk 0:00:04]} 22. Bb7 {[%clk 0:01:56]} Ne7 {[%clk 0:00:03]} 23.
exf4 {[%clk 0:01:54]} Rb8 {[%clk 0:00:04]} 24. Ra8 {[%clk 0:01:54]} Rxa8 {[%clk
0:00:05]} 25. Bxa8 {[%clk 0:01:53]} Ng6 {[%clk 0:00:04]} 26. g3 {[%clk 0:01:51]}
Ne7 {[%clk 0:00:05]} 27. Rc1 {[%clk 0:01:50]} g6 {[%clk 0:00:05]} 28. Ne5 {[%clk
0:01:50]} Kg7 {[%clk 0:00:06]} 29. Rc7 {[%clk 0:01:47]} Kf6 {[%clk 0:00:06]} 30.
Nd7+ {[%clk 0:01:43]} Ke6 {[%clk 0:00:07]} 31. Nxb6 {[%clk 0:01:41]} Kd6 {[%clk
0:00:07]} 32. Rxe7 {[%clk 0:01:40]} Kxe7 {[%clk 0:00:08]} 33. Nxd5+ {[%clk
0:01:40]} Kd6 {[%clk 0:00:07]} 34. Nc3 {[%clk 0:01:38]} Nf6 {[%clk 0:00:01]} 35.
f3 {[%clk 0:01:37]} Nd7 {[%clk 0:00:06]} 36. Kd3 {[%clk 0:01:37]} Nb6 {[%clk
0:00:07]} 37. Bb7 {[%clk 0:01:37]} f6 {[%clk 0:00:06]} 38. Ba6 {[%clk 0:01:37]}
Nd7 {[%clk 0:00:05]} 39. Bc4 {[%clk 0:01:36]}  1-0